[Event "Muensterland Verbandsliga 1516"]
[Site "Germany"]
[Date "2016.02.13"]
[Round "6.6"]
[White "Rickert, Berthold"]
[Black "Hofene, Josef"]
[Result "1/2-1/2"]
[WhiteElo "1803"]
[BlackElo "1715"]
[PlyCount "46"]
[EventDate "2015.09.12"]
[EventType "team"]
[EventRounds "9"]
[EventCountry "GER"]
[SourceTitle "EXT 2017"]
[Source "ChessBase"]
[SourceDate "2016.10.25"]
[SourceVersion "1"]
[SourceVersionDate "2016.10.25"]
[SourceQuality "1"]
[WhiteTeam "Borken"]
[BlackTeam "Beelen"]
[WhiteTeamCountry "GER"]
[BlackTeamCountry "GER"]

1. c4 e5 2. Nc3 Nf6 3. g3 c6 4. Nf3 d6 5. Bg2 Be7 6. 0-0 0-0 7. e4 a5 8. d4 Qc7 9. d5 Nbd7 10. Ne1 Nc5 11. Nd3 Nxd3 12. Qxd3 Bd7 13. f4 Ng4 14. Qe2 Qb6+ 15. Kh1 exf4 16. gxf4 Bh4 17. Bf3 f5 18. Kg2 Rae8 19. h3 Nh6 20. e5 dxe5 21. fxe5 cxd5 22. Bxd5+ Kh8 23. Bf4 Nf7 1/2-1/2

[Event "Muensterland Verbandsklasse 1415"]
[Site "Germany"]
[Date "2015.04.25"]
[Round "9.6"]
[White "Van de Laar, Han"]
[Black "Rickert, Berthold"]
[Result "1/2-1/2"]
[WhiteElo "1689"]
[BlackElo "1797"]
[PlyCount "35"]
[EventDate "2014.09.13"]
[EventType "team-tourn"]
[EventRounds "9"]
[EventCountry "GER"]
[SourceTitle "EXT 2016"]
[Source "ChessBase"]
[SourceDate "2015.10.08"]
[SourceVersion "1"]
[SourceVersionDate "2015.10.08"]
[SourceQuality "1"]
[WhiteTeam "Suedlohn II"]
[BlackTeam "Borken"]
[WhiteTeamCountry "GER"]
[BlackTeamCountry "GER"]

1. Nf3 g6 2. c4 Bg7 3. Nc3 d6 4. d4 f5 5. e3 Nf6 6. Be2 0-0 7. 0-0 h6 8. Qc2 Nc6 9. a3 e5 10. dxe5 dxe5 11. Rd1 Qe7 12. b4 e4 13. Nd4 Ne5 14. Bb2 c6 15. h3 Be6 16. Nxe6 Qxe6 17. c5 Rfd8 18. Rxd8+ 1/2-1/2

[Event "Muensterland Verbandsklasse-B 1213"]
[Site "Germany"]
[Date "2013.01.26"]
[Round "5.5"]
[White "Stephan, Matthias"]
[Black "Rickert, Berthold"]
[Result "1/2-1/2"]
[WhiteElo "1649"]
[BlackElo "1802"]
[PlyCount "29"]
[EventDate "2012.09.15"]
[EventType "team-tourn"]
[EventRounds "9"]
[EventCountry "GER"]
[SourceTitle "EXT 2015"]
[Source "ChessBase"]
[SourceDate "2014.11.20"]
[SourceVersion "1"]
[SourceVersionDate "2014.11.20"]
[SourceQuality "1"]
[WhiteTeam "Telgte"]
[BlackTeam "Borken"]
[WhiteTeamCountry "GER"]
[BlackTeamCountry "GER"]

1. d4 d5 2. c4 e6 3. Nc3 c6 4. Nf3 Nf6 5. Bg5 Nbd7 6. e3 Qa5 7. Bxf6 Nxf6 8. Nd2 Be7 9. Bd3 0-0 10. 0-0 Qc7 11. Rc1 Re8 12. Bb1 Bf8 13. Qc2 g6 14. cxd5 exd5 15. e4 1/2-1/2

[Event "Muensterland Verbandsklasse-B 1011"]
[Site "Germany"]
[Date "2011.01.08"]
[Round "5.5"]
[White "Gerighausen, Karl Heinz"]
[Black "Rickert, Berthold"]
[Result "1-0"]
[WhiteElo "1687"]
[BlackElo "1813"]
[PlyCount "65"]
[EventDate "2010.09.18"]
[EventType "team-tourn"]
[EventRounds "9"]
[EventCountry "GER"]
[SourceTitle "EXT 2012"]
[Source "ChessBase"]
[SourceDate "2011.11.24"]
[SourceVersion "1"]
[SourceVersionDate "2011.11.24"]
[SourceQuality "1"]
[WhiteTeam "Ibbenbueren"]
[BlackTeam "Borken"]
[WhiteTeamCountry "GER"]
[BlackTeamCountry "GER"]

1. e4 g6 2. d4 Bg7 3. Nc3 d6 4. f4 Nd7 5. Nf3 b6 6. Bc4 e6 7. 0-0 Bb7 8. f5 Nf8 9. Ng5 d5 10. fxe6 fxe6 11. Rxf8+ Bxf8 12. Nxe6 Qd7 13. Nxd5 Bxd5 14. Bxd5 c6 15. Bb3 Bh6 16. Qf3 Qe7 17. Bxh6 Nxh6 18. Qf4 g5 19. Qe5 Nf7 20. Nc7+ Kf8 21. Qxe7+ Kxe7 22. Nxa8 Rxa8 23. Rf1 Nd8 24. Rf5 h6 25. h4 gxh4 26. Kh2 a5 27. a3 Rc8 28. Kh3 Rc7 29. Kxh4 Rd7 30. c3 Rd6 31. Kh5 b5 32. g4 Kd7 33. e5 1-0